| 000 | 01306nam a22002057a 4500 | ||
|---|---|---|---|
| 008 | 100718s1958 xxu||||| |||| 00| 0 ara d | ||
| 082 |
_222 _a297.77 _bز ي ل |
||
| 100 | 1 |
_916381 _aزيلر ، عنصر المعالى كيكاوس بن اسكندر بن قابوس بن وشمكير |
|
| 245 |
_aكتاب النصيحة المعروف باسم قابو سنامه / _cعنصر المعالى كيكاوس بن اسكندر بن قابوس بن وشمكير بن زيلر ؛ تعريب محمد صادق نشأت ، أمين عبد المجيد بدوى |
||
| 260 |
_aالقاهرة : _bمكتبة الأنجلو المصرية ، _c1958. |
||
| 300 |
_a245 ص ؛ _c24 سم. |
||
| 504 | _aيشتمل على إرجاعات ببليوجرافية | ||
| 541 |
_aألف باء ؛ _cشراء ؛ |
||
| 600 |
_916381 _aزيلر ، عنصر المعالى كيكاوس بن اسكندر بن قابوس بن وشمكير |
||
| 650 |
_98324 _aالتربية الاسلامية |
||
| 700 |
_916383 _aنشأت ، محمد صادق _eتعريب |
||
| 700 |
_916384 _aبدوى ، أمين عبد المجيد _eتعريب |
||
| 942 |
_2ddc _cBB |
||
| 999 |
_c14500 _d14500 |
||